000 00534nam a2200193Ia 4500
005 20250508151648.0
008 008 250505s9999 xx 000 0 eng d
037 _aTextual
040 _aFEDL
_beng
_cFEDL
041 _aeng
_2eng
084 _a301.155, LIN
_qFEDL
100 _aLindgren Henry Clay
245 0 _aEffective leadership in human relations
260 _aNew York, USA
_bHermitage House
_c1954
300 _a287p.
650 _aSociology
942 _cTEXL
_h301.155, LIN
999 _c1331235
_d1331235